| 000 | 00545nam a22001577a 4500 | ||
|---|---|---|---|
| 003 | macl | ||
| 005 | 20200315124746.0 | ||
| 008 | 200315b xxu||||| |||| 00| 0 eng d | ||
| 040 | _cmacl | ||
| 082 | _a355 | ||
| 100 |
_aपुणेकर _978660 |
||
| 245 | _aमध्यप्रदेश पुलिस सब -इंस्पेक्टर MP-SI | ||
| 260 |
_aइन्दौर _bपुणेकर पब्लिकेशन्स _c2019 |
||
| 650 |
_aपुलिस विज्ञान _978662 |
||
| 942 |
_2ddc _cHIN |
||
| 999 |
_c62416 _d62416 |
||